Statistiques concernant Ligne 8 du métro de Paris

Cliquez ici pour prendre le quiz!

Statistiques générales

  • Ce quiz a été pris 785 fois
  • Le résultat moyen est 25 sur 38

Statistiques - réponses

#Réponse% Correct
1Balard
92%
17République
81%
12Opéra
80%
21Bastille
78%
36Créteil - Université
78%
37Créteil - Préfecture
76%
11Madeleine
75%
38Pointe du Lac
75%
15Bonne-Nouvelle
73%
10Concorde
72%
26Daumesnil
72%
7École Militaire
72%
9Invalides
72%
24Reuilly - Diderot
72%
28Porte Dorée
71%
35Créteil - L'Échat
70%
14Grands Boulevards
70%
29Porte de Charenton
70%
16Strasbourg - Saint-Denis
70%
18Filles du Calvaire
69%
6La Motte-Picquet - Grenelle
66%
5Commerce
64%
31Charenton - Écoles
62%
4Félix Faure
62%
30Liberté
62%
20Chemin Vert
61%
3Boucicaut
60%
2Lourmel
60%
33Maisons-Alfort - Stade
59%
8La Tour-Maubourg
58%
13Richelieu - Drouot
58%
27Michel Bizot
57%
32École vétérinaire de Maisons-Alfort
56%
22Ledru-Rollin
56%
23Faidherbe - Chaligny
54%
25Montgallet
54%
34Maisons-Alfort - Les Juilliottes
50%
19Saint-Sébastien - Froissart
48%

Distribution des résultats

Percentile par nombre de réponses

% des personnes avec chaque résultat

Votre développement - résultats

Vous n’avez pas pris ce quiz